<The> world economy historical statistics

Salvato in:
Dettagli Bibliografici
Autore principale: Maddison, Angus
Ente Autore: OECD. Development Centre
Natura: Libro
Lingua:inglese
Pubblicazione: Paris OECD 2003
Serie:Development Centre studies
Soggetti:
Tags: Aggiungi Tag
Nessun Tag, puoi essere il primo ad aggiungerne!!

MARC

LEADER 00000nam$a2200000$$$4500
001 0017754
005 20240314085956.6
020 |a 92-64-10412-7 
041 0 |a eng 
044 |a FR 
245 1 0 |a <The> world economy  |b historical statistics  |c by Angus Maddison 
264 1 |a Paris  |b OECD  |c 2003 
300 |a 273 s. 
490 1 |a Development Centre studies 
830 0 |a Development Centre studies 
610 2 0 |a hospodárstvo svetové 
610 2 0 |a údaje štatistické 
610 2 0 |a demografia 
610 2 0 |a svet 
610 2 0 |a populácia 
610 2 0 |a makroekonomika 
610 2 0 |a porovnanie štatistické medzinárodné 
610 2 0 |a rozvoj hospodársky 
100 1 |a Maddison, Angus 
710 2 |a OECD. Development Centre